[Event "ESTCC U50 2018"]
[Site "Walbrzych"]
[Date "2018.04.19"]
[Round "6"]
[White "Nuenchert, Eveline"]
[Black "Bruno, Fabio"]
[Result "0-1"]
[WhiteElo "2033"]
[BlackElo "2439"]
[Annotator "TA"]
[PlyCount "90"]
[EventDate "2018.??.??"]
[EventCountry "POL"]
[SourceTitle "playchess.com"]
[Source "ChessBase"]
[SourceQuality "1"]
[WhiteTeam "Germany"]
[BlackTeam "Italy"]
[WhiteTeamCountry "GER"]
[BlackTeamCountry "ITA"]

{[%evp 17,90,0,22,0,1,9,32,0,0,0,14,0,39,1,17,0,0,-43,-69,-52,-29,-95,-108,-68,0,0,0,-5,14,10,17,-6,16,-56,-15,-52,-50,-57,-49,-47,-54,-48,-57,-58,-49,-86,-45,-117,-109,-206,-143,-137,-150,-247,-259,-243,-237,-237,-247,-422,-420,-402,-376,-630,-469,-921,-883,-894,-862,-839,-741,-853,-783,-1289,-1069]} 1. e4 c5 2. Nf3 e6 3. d3 Nc6 4. g3 Nge7 5. Bg2 g6 6. Nbd2 Bg7 7. c3 d5 8. O-O b6 9. Re1 a5 {LiveBook: 108 Games} 10. Rb1 $146 {A08: King's Indian Attack} ({Predecessor:} 10. exd5 exd5 11. d4 cxd4 12. Nxd4 Nxd4 13. cxd4 O-O 14. Nf3 Bf5 15. Bg5 f6 16. Bd2 Be4 17. Rc1 Nf5 18. Bf4 Ra7 {1-0 (49) Rathnakaran,K (2463)-Satyapragyan,S (2445) Bhubaneswar 2016}) 10... a4 11. e5 Qc7 12. Qe2 {White is slightly better.} h6 13. Nf1 g5 14. h3 Ng6 15. Ne3 Ba6 16. Ng4 O-O-O 17. Qc2 h5 18. Ngh2 $1 Ngxe5 (18... g4 {is more complex.} 19. hxg4 Ngxe5 20. Nxe5 Bxe5 21. gxh5 Rxh5 22. Nf3 Rdh8) 19. Bxg5 (19. Nxe5 $11 Nxe5 20. Bf1) 19... Bxd3 $17 20. Bxd8 Rxd8 (20... Bxc2 $15 21. Bxc7 Kxc7) 21. Qxa4 $11 Bxb1 22. Rxb1 Kb7 23. Qh4 Rh8 24. Qg5 Ng6 25. Nh4 (25. h4 $11) 25... Qe5 26. Qxe5 Ngxe5 27. N2f3 Bf6 28. Nxe5 Nxe5 29. Nf3 Nc4 30. Bf1 Nd6 31. Rd1 Kc6 32. Ne1 (32. h4 $1 $15) 32... b5 $17 33. Nd3 (33. a3 $17) 33... Ra8 34. a3 Nc4 35. Bg2 {[#]} (35. Rb1 $17) 35... Nxb2 $1 $19 {[%mdl 512]} 36. Nxb2 Bxc3 ({Don't play} 36... Rxa3 37. Nd3) 37. Nd3 Rxa3 38. g4 $2 (38. Nf4 {was called for.}) 38... hxg4 39. hxg4 b4 {[%cal Bb5b4,Bb4b3][%mdl 32]} 40. Nf4 $2 (40. Rb1) 40... Ra1 {Black is clearly winning.} 41. Bf3 (41. Rxa1 $142 Bxa1 42. Bf3) 41... c4 42. Kg2 Rxd1 43. Bxd1 b3 44. Ne2 Bg7 45. f4 d4 {Precision: White = 23%, Black = 68%.} 0-1

[Event "ESTCC U50 2018"]
[Site "Walbrzych"]
[Date "2018.04.19"]
[Round "6"]
[White "Roth, Martin"]
[Black "Pastor Alonso De Prado, Alberto"]
[Result "0-1"]
[WhiteElo "2008"]
[BlackElo "2162"]
[Annotator "NA"]
[PlyCount "94"]
[EventDate "2018.??.??"]
[EventCountry "POL"]
[SourceTitle "playchess.com"]
[Source "ChessBase"]
[SourceQuality "1"]
[WhiteTeam "SUI"]
[BlackTeam "ESP"]
[WhiteTeamCountry "GER"]
[BlackTeamCountry "ESP"]
[TimeControl "40/5400+30:1800+30"]

1. e4 {[%emt 0:00:00]} b6 {[%emt 0:00:24]} 2. d4 {[%emt 0:00:15]} Bb7 {[%emt 0:00:06]} 3. Bd3 {[%emt 0:00:18]} Nf6 {[%emt 0:00:06]} 4. Qe2 {[%emt 0:00:20]} Nc6 {[%emt 0:00:06]} 5. Nf3 {[%emt 0:00:58]} Nb4 {[%emt 0:00:08]} 6. Nbd2 $11 {[%emt 0:03:13]} e6 {[%emt 0:00:16]} 7. O-O {[%emt 0:00:50]} Nxd3 {[%emt 0:03:19]} 8. Qxd3 {[%emt 0:00:24]} d5 {[%emt 0:01:40]} 9. exd5 {[%emt 0:00:43]} Qxd5 {[%emt 0:00:43]} 10. c4 {[%emt 0:00:44]} Qh5 {[%emt 0:01:00]} 11. Ne5 {[%emt 0:04:19]} Bd6 {[%emt 0:04:06]} 12. f4 {[%emt 0:00:15]} O-O-O {[%emt 0:00:47]} 13. Ndf3 {[%emt 0:04:02]} Ng4 {[%emt 0:24:27]} 14. h3 {[%emt 0:19:20]} Nxe5 {[%emt 0:02:31]} 15. fxe5 {[%emt 0:06:53]} Bxe5 {[%emt 0:00:22]} 16. Nxe5 {[%emt 0:00:36]} Qxe5 {[%emt 0:02:46]} 17. dxe5 {[%emt 0:06:26]} Rxd3 {[%emt 0:00:05]} 18. Rxf7 {[%emt 0:00:17]} Rd1+ {[%emt 0:00:10]} 19. Kf2 {[%emt 0:07:21]} Rhd8 {[%emt 0:04:45]} 20. b3 {[%emt 0:08:07]} h5 {[%emt 0:05:51]} 21. Ke3 {[%emt 0:14:04]} Re1+ {[%emt 0:00:33]} 22. Kf2 {[%emt 0:00:38]} Rdd1 {[%emt 0:00:26]} 23. Bd2 {[%emt 0:02:20]} Rf1+ {[%emt 0:00:12]} 24. Ke2 {[%emt 0:01:05]} Rxf7 {[%emt 0:01:33]} 25. Kxd1 {[%emt 0:02:14]} Bxg2 {[%emt 0:00:09]} 26. h4 {[%emt 0:00:24]} Rf5 {[%emt 0:09:04]} 27. Ke2 {[%emt 0:03:00]} Rxe5+ {[%emt 0:00:17]} 28. Kf2 {[%emt 0:00:09]} Bc6 {[%emt 0:04:06]} 29. Bg5 {[%emt 0:01:41]} Rf5+ {[%emt 0:00:56]} 30. Ke3 {[%emt 0:00:31]} e5 {[%emt 0:01:00]} 31. Rd1 {[%emt 0:00:17]} Rf3+ {[%emt 0:00:23]} 32. Ke2 {[%emt 0:00:16]} Rh3 {[%emt 0:00:50]} 33. Rd8+ {[%emt 0:00:38]} Kb7 {[%emt 0:00:09]} 34. Rd2 {[%emt 0:06:52]} a5 {[%emt 0:00:27]} 35. Be7 {[%emt 0:00:44]} Be4 {[%emt 0:01:56]} 36. Bf8 {[%emt 0:03:13]} Rxh4 {[%emt 0:04:41]} 37. Bxg7 {[%emt 0:00:08]} Bb1 {[%emt 0:00:11]} 38. a3 {[%emt 0:03:37]} e4 {[%emt 0:05:29]} 39. Be5 {[%emt 0:00:32]} Bd3+ {[%emt 0:00:38]} 40. Ke3 {[%emt 0:00:00]} c5 {[%emt 0:01:33]} 41. Rf2 {[%emt 0:02:31]} Rh3+ {[%emt 0:00:10]} 42. Kf4 {[%emt 0:00:12]} e3 {[%emt 0:00:08]} 43. Rg2 {[%emt 0:00:09]} e2 {[%emt 0:04:13]} 44. Rg7+ {[%emt 0:00:08]} Ka6 {[%emt 0:01:06]} 45. Bb8 {[%emt 0:13:06]} b5 {[%emt 0:00:39]} 46. cxb5+ {[%emt 0:00:32]} Bxb5 {[%emt 0:00:34]} 47. Re7 {[%emt 0:00:14]} Rh1 0-1

[Event "ESTCC U50 2018"]
[Site "Walbrzych"]
[Date "2018.04.19"]
[Round "6"]
[White "Czyz, Andrzej"]
[Black "Sazonova, Elena N"]
[Result "0-1"]
[WhiteElo "1999"]
[BlackElo "2139"]
[Annotator "NA"]
[PlyCount "145"]
[EventDate "2018.??.??"]
[EventCountry "POL"]
[SourceTitle "playchess.com"]
[Source "ChessBase"]
[SourceQuality "1"]
[WhiteTeam "Poland"]
[BlackTeam "Russia"]
[WhiteTeamCountry "POL"]
[BlackTeamCountry "RUS"]
[TimeControl "40/5400+30:1800+30"]

1. d4 {[%emt 0:00:00]} Nf6 {[%emt 0:00:15]} 2. c4 {[%emt 0:00:02]} d6 {[%emt 0:00:29]} 3. Nc3 {[%emt 0:00:18]} e5 {[%emt 0:00:27]} 4. dxe5 {[%emt 0:02:13]} dxe5 {[%emt 0:00:08]} 5. Qxd8+ {[%emt 0:01:13]} Kxd8 {[%emt 0:00:10]} 6. Bg5 {[%emt 0:01:00]} c6 {[%emt 0:04:14]} 7. Nf3 {[%emt 0:05:42]} Nbd7 {[%emt 0:01:50]} 8. O-O-O {[%emt 0:03:48]} Kc7 {[%emt 0:11:23] LiveBook: 17 Games} 9. a3 {[%emt 0:06:54]} a5 {[%emt 0:06:34]} 10. e3 {[%emt 0:04:28] A53: Old Indian Defence without Nf3} Ne8 {[%emt 0:02:27]} (10... Bd6 11. Be2 a4 12. Bh4 Nc5 13. Kb1 Bf5+ 14. Ka2 Nfd7 15. Bg3 f6 16. Nd2 Rad8 17. e4 Bg6 {0-1 (33) Kaplan,D (2091)-Meduna,E (2428) Czechia 2010}) 11. Bh4 {[%emt 0:02:00]} f6 {[%emt 0:00:21]} 12. Bg3 $146 {[%emt 0:01:10]} ({Predecessor:} 12. Ne4 Nb6 13. Nxe5 g5 14. Bg3 a4 {1-0 (14) Alcon,J-Abril,A Spain 1993}) 12... a4 {[%emt 0:05:59]} 13. h4 {[%emt 0:06:52]} h5 {[%emt 0:04:51]} 14. Be2 {[%emt 0:08:37]} Nc5 {[%emt 0:07:12]} 15. Nd2 {[%emt 0:04:57]} Nd6 {[%emt 0:06:06]} 16. e4 {[%emt 0:03:34]} Ne6 {[%emt 0:12:31]} 17. Kb1 {[%emt 0:10:14]} b6 {[%emt 0:06:04]} 18. Rc1 {[%emt 0:04:38]} Nb7 {[%emt 0:01:20]} 19. Nd5+ {[%emt 0:01:29]} cxd5 {[%emt 0:00:08]} 20. cxd5+ {[%emt 0:00:51]} Nec5 {[%emt 0:00:05]} 21. Rhf1 {[%emt 0:02:34]} Bd6 {[%emt 0:05:32]} 22. Rc3 {[%emt 0:03:35]} Bd7 {[%emt 0:01:05]} 23. f3 {[%emt 0:01:41]} Na5 {[%emt 0:00:57]} 24. Rfc1 {[%emt 0:01:53]} Kb7 {[%emt 0:00:33]} 25. Bd1 {[%emt 0:01:35]} Rhc8 {[%emt 0:00:43]} 26. Bf2 {[%emt 0:02:36]} Rc7 {[%emt 0:00:23]} 27. g4 {[%emt 0:03:31]} hxg4 {[%emt 0:01:23]} 28. fxg4 {[%emt 0:00:02]} Rac8 {[%emt 0:01:00]} 29. Be3 {[%emt 0:01:45]} Nd3 {[%emt 0:01:53]} 30. Rxc7+ {[%emt 0:02:19]} Rxc7 {[%emt 0:00:07]} 31. Rxc7+ {[%emt 0:00:20]} Kxc7 {[%emt 0:00:05]} 32. Kc2 {[%emt 0:00:23]} Nf4 {[%emt 0:00:49]} 33. Kc3 {[%emt 0:01:06]} Bb5 {[%emt 0:03:53]} 34. g5 {[%emt 0:01:19]} fxg5 {[%emt 0:02:33]} 35. hxg5 {[%emt 0:00:10]} Ne2+ {[%emt 0:02:31]} 36. Kc2 {[%emt 0:01:38]} Nc4 {[%emt 0:03:18]} 37. Nxc4 {[%emt 0:00:49]} Bxc4 {[%emt 0:00:05]} 38. Kd2 {[%emt 0:00:23]} Ng3 {[%emt 0:00:34]} 39. Kc3 {[%emt 0:00:56]} Be2 {[%emt 0:01:35]} 40. Bxa4 {[%emt 0:00:00]} Nxe4+ {[%emt 0:00:17]} 41. Kc2 {[%emt 0:01:35]} b5 {[%emt 0:01:33]} 42. Bb3 {[%emt 0:00:26]} Be7 {[%emt 0:01:11]} 43. d6+ {[%emt 0:01:04]} Kxd6 {[%emt 0:01:12]} 44. g6 {[%emt 0:00:08]} Bg5 {[%emt 0:02:25]} 45. Ba7 {[%emt 0:00:21]} Bc4 {[%emt 0:00:27]} 46. Bxc4 {[%emt 0:01:49]} bxc4 {[%emt 0:00:07]} 47. b4 {[%emt 0:00:22]} cxb3+ {[%emt 0:00:33]} 48. Kxb3 {[%emt 0:00:02]} Kc6 {[%emt 0:00:21]} 49. Bb8 {[%emt 0:00:34]} Nd6 {[%emt 0:00:10]} 50. a4 {[%emt 0:00:35]} Be3 {[%emt 0:01:00]} 51. a5 {[%emt 0:00:33]} Bc5 {[%emt 0:00:15]} 52. a6 {[%emt 0:00:19]} e4 {[%emt 0:01:23]} 53. a7 {[%emt 0:00:03]} Kb7 {[%emt 0:00:10]} 54. Kc3 {[%emt 0:01:14]} Nf5 {[%emt 0:00:43]} 55. Kc4 {[%emt 0:01:59]} Bxa7 {[%emt 0:00:18]} 56. Be5 {[%emt 0:00:26]} Kc6 {[%emt 0:00:15]} 57. Bf4 {[%emt 0:01:31]} Bc5 {[%emt 0:00:26]} 58. Be5 {[%emt 0:01:33]} Be3 $19 {[%emt 0:01:47]} 59. Bb2 {[%emt 0:02:29]} Nd6+ {[%emt 0:01:09]} 60. Kc3 {[%emt 0:00:14]} Kd5 {[%emt 0:00:20]} 61. Kc2 {[%emt 0:00:09]} Nf5 {[%emt 0:00:21]} 62. Kd1 {[%emt 0:00:34]} Bd4 {[%emt 0:00:10]} 63. Bc1 {[%emt 0:00:58]} Nh4 {[%emt 0:00:22]} 64. Ke2 {[%emt 0:00:31]} Nxg6 {[%emt 0:00:08]} 65. Bg5 {[%emt 0:00:15]} Bf6 {[%emt 0:00:30]} 66. Bc1 {[%emt 0:00:12]} Ne7 {[%emt 0:01:10]} 67. Ba3 {[%emt 0:00:25]} Nf5 {[%emt 0:00:11]} 68. Bc1 {[%emt 0:00:19]} g5 {[%emt 0:00:34]} 69. Kf2 {[%emt 0:00:37]} g4 {[%emt 0:00:18]} 70. Bf4 {[%emt 0:00:13]} Bd4+ {[%emt 0:00:25]} 71. Kg2 {[%emt 0:00:56]} e3 {[%emt 0:00:19]} 72. Kf1 {[%emt 0:01:02]} Ke4 {[%emt 0:00:08]} 73. Bc7 {[%emt 0:00:35] Ke5} 0-1

[Event "ESTCC U50 2018"]
[Site "Walbrzych"]
[Date "2018.04.19"]
[Round "6"]
[White "Ciuro Munoz, Ricardo"]
[Black "Sidler, Samuel"]
[Result "1-0"]
[WhiteElo "1972"]
[BlackElo "1833"]
[Annotator "NA"]
[PlyCount "85"]
[EventDate "2018.??.??"]
[EventCountry "POL"]
[SourceTitle "playchess.com"]
[Source "ChessBase"]
[SourceQuality "1"]
[WhiteTeam "Spain"]
[BlackTeam "Switzerland"]
[WhiteTeamCountry "ESP"]
[BlackTeamCountry "SUI"]
[TimeControl "40/5400+30:1800+30"]

1. e4 {[%emt 0:00:00]} c5 {[%emt 0:00:22]} 2. Nf3 {[%emt 0:00:00]} e6 {[%emt 0:00:53]} 3. d3 {[%emt 0:00:04]} Nc6 {[%emt 0:00:40]} 4. g3 {[%emt 0:00:11]} b6 {[%emt 0:00:09]} 5. Bg2 {[%emt 0:00:09]} Bb7 {[%emt 0:00:39]} 6. O-O {[%emt 0:00:13]} Qc7 {[%emt 0:00:26]} 7. Re1 {[%emt 0:00:35]} d6 {[%emt 0:00:17]} 8. c3 {[%emt 0:00:49]} Nf6 {[%emt 0:00:27]} 9. Na3 {[%emt 0:02:00]} a6 {[%emt 0:00:31]} 10. Bg5 {[%emt 0:02:06]} Be7 {[%emt 0:00:57]} 11. Rc1 {[%emt 0:00:11]} Rd8 {[%emt 0:02:42]} 12. Qe2 {[%emt 0:07:32]} h6 {[%emt 0:01:27]} 13. Bf4 {[%emt 0:00:54]} e5 {[%emt 0:01:37]} 14. Bd2 {[%emt 0:00:21]} O-O {[%emt 0:00:23]} 15. Nc4 {[%emt 0:01:16]} Rfe8 {[%emt 0:07:11]} 16. Ne3 {[%emt 0:03:39]} d5 {[%emt 0:03:51]} 17. Nf5 {[%emt 0:03:19]} Bf8 {[%emt 0:01:29]} 18. h3 {[%emt 0:02:14]} dxe4 {[%emt 0:02:32]} 19. dxe4 {[%emt 0:00:25]} g6 {[%emt 0:01:09]} 20. Nxh6+ {[%emt 0:00:18]} Kh7 {[%emt 0:00:53]} 21. Ng4 {[%emt 0:00:52]} Nxg4 {[%emt 0:00:32]} 22. hxg4 {[%emt 0:00:21]} Bc8 {[%emt 0:03:54]} 23. Be3 {[%emt 0:08:49]} Be7 {[%emt 0:03:13]} 24. Ng5+ {[%emt 0:06:35]} Kg7 {[%emt 0:01:56]} 25. Bf3 {[%emt 0:08:58]} Rh8 {[%emt 0:05:43]} 26. Kg2 {[%emt 0:05:33]} f6 {[%emt 0:00:33]} 27. Nh3 {[%emt 0:02:14]} g5 {[%emt 0:01:40]} 28. Rcd1 {[%emt 0:03:41]} Bd6 {[%emt 0:03:46]} 29. Ng1 {[%emt 0:02:14]} Kg6 {[%emt 0:05:10]} 30. Rd2 {[%emt 0:02:24]} Rd7 {[%emt 0:06:23]} 31. Red1 {[%emt 0:00:36]} Nd8 {[%emt 0:01:27]} 32. Qc4 {[%emt 0:04:32]} b5 {[%emt 0:03:10]} 33. Qb3 {[%emt 0:03:37]} Nb7 {[%emt 0:01:33]} 34. Qc2 {[%emt 0:01:51]} Rdh7 {[%emt 0:03:26]} 35. a4 {[%emt 0:02:54]} Qe7 {[%emt 0:03:01]} 36. axb5 {[%emt 0:00:56]} axb5 {[%emt 0:00:08]} 37. Qd3 {[%emt 0:00:27]} Bd7 {[%emt 0:01:33]} 38. Qd5 {[%emt 0:02:58]} Be6 {[%emt 0:00:26]} 39. Qc6 {[%emt 0:00:26]} Bc4 {[%emt 0:00:54]} 40. Be2 {[%emt 0:00:00]} Qe6 {[%emt 0:07:49]} 41. Bxc4 {[%emt 0:07:34]} Rh2+ {[%emt 0:12:46]} 42. Kf3 {[%emt 0:00:57]} Qxc4 {[%emt 0:04:16]} 43. Qxb7 {[%emt 0:00:37]} 1-0

[Event "ESTCC U50 2018"]
[Site "Walbrzych"]
[Date "2018.04.19"]
[Round "6"]
[White "Szmyd, Marek"]
[Black "Deleyn, Gunter"]
[Result "1/2-1/2"]
[WhiteElo "1898"]
[BlackElo "2200"]
[Annotator "NA"]
[PlyCount "39"]
[EventDate "2018.??.??"]
[EventCountry "POL"]
[SourceTitle "playchess.com"]
[Source "ChessBase"]
[SourceQuality "1"]
[WhiteTeam "Poland"]
[BlackTeam "Belgium"]
[WhiteTeamCountry "POL"]
[BlackTeamCountry "BEL"]
[TimeControl "40/5400+30:1800+30"]

1. b3 {[%emt 0:00:00]} e5 {[%emt 0:00:34]} 2. Bb2 {[%emt 0:00:00]} Nc6 {[%emt 0:00:09]} 3. e3 {[%emt 0:00:00]} Nf6 {[%emt 0:00:19]} 4. Nf3 {[%emt 0:01:03]} d6 {[%emt 0:00:14]} 5. d4 {[%emt 0:01:10] LiveBook: 34 Games} exd4 {[%emt 0:01:47]} 6. Nxd4 {[%emt 0:00:23]} Be7 7. Nxc6 bxc6 {[%emt 0:02:19]} 8. Be2 {[%emt 0:00:37]} O-O {[%emt 0:01:13]} 9. O-O {[%emt 0:03:04]} d5 {[%emt 0:02:39]} 10. c4 {[%emt 0:10:27]} Bf5 {[%emt 0:14:39]} 11. Nc3 {[%emt 0:07:56]} Qd7 {[%emt 0:00:48]} 12. cxd5 $14 {[%emt 0:04:41]} cxd5 {[%emt 0:00:10]} 13. Bf3 {[%emt 0:00:39]} Rfd8 {[%emt 0:08:49]} 14. Nxd5 {[%emt 0:06:16]} Nxd5 {[%emt 0:00:51]} 15. e4 {[%emt 0:02:54]} Be6 {[%emt 0:03:32]} 16. exd5 {[%emt 0:01:40]} Bxd5 {[%emt 0:00:05]} 17. Bxd5 {[%emt 0:00:53]} Qxd5 {[%emt 0:00:18]} 18. Qg4 {[%emt 0:01:42]} Qg5 {[%emt 0:00:22]} 19. Qxg5 {[%emt 0:00:20]} Bxg5 {[%emt 0:00:06]} 20. Rfd1 {[%emt 0:00:39]} 1/2-1/2

[Event "ESTCC U50 2018"]
[Site "Walbrzych"]
[Date "2018.04.19"]
[Round "6"]
[White "Giulian, Rosemary A"]
[Black "Akkanen, Timo"]
[Result "1-0"]
[WhiteElo "1880"]
[BlackElo "1667"]
[Annotator "NA"]
[PlyCount "79"]
[EventDate "2018.??.??"]
[EventCountry "POL"]
[SourceTitle "playchess.com"]
[Source "ChessBase"]
[SourceQuality "1"]
[WhiteTeam "Scotland"]
[BlackTeam "Finland"]
[WhiteTeamCountry "SCO"]
[BlackTeamCountry "FIN"]
[TimeControl "40/5400+30:1800+30"]

1. e4 c6 2. d4 d5 3. e5 Bf5 4. Nd2 e6 5. Nb3 Nd7 6. Nf3 h5 7. Be2 Be7 8. a4 Nh6 9. Be3 Ng4 10. O-O Nxe3 11. fxe3 g5 12. Bd3 Bxd3 13. Qxd3 g4 14. Ne1 Bg5 15. a5 Qc7 16. c3 Ke7 17. e4 Rag8 18. exd5 cxd5 19. Qe2 Rg6 20. Nd2 f6 21. exf6+ Rxf6 22. Rxf6 Nxf6 23. Nd3 Nd7 24. a6 b6 25. Re1 Qd6 26. Rf1 Rf8 27. Rxf8 Kxf8 28. Nf1 Qe7 29. Ne3 Qf6 30. Nc2 Kg7 31. Ncb4 Nb8 32. Qf2 Qh6 33. Kf1 h4 34. Ne5 Bf4 35. Nxg4 Qg5 36. h3 Bg3 37. Qe3 Qf5+ 38. Ke2 Bf4 39. Qf3 Qg5 {[%emt 1:49:17]} 40. Nd3 1-0

[Event "ESTCC U50 2018"]
[Site "Walbrzych"]
[Date "2018.04.19"]
[Round "6"]
[White "Jones, Gareth"]
[Black "Salonen, Jyrki"]
[Result "0-1"]
[WhiteElo "1858"]
[BlackElo "2159"]
[Annotator "NA"]
[PlyCount "104"]
[EventDate "2018.??.??"]
[EventCountry "POL"]
[SourceTitle "playchess.com"]
[Source "ChessBase"]
[SourceQuality "1"]
[WhiteTeam "England"]
[BlackTeam "Finland"]
[WhiteTeamCountry "ENG"]
[BlackTeamCountry "FIN"]
[TimeControl "40/5400+30:1800+30"]

1. Nf3 {[%emt 0:00:00]} c5 {[%emt 0:00:07]} 2. g3 {[%emt 0:00:00]} Nc6 {[%emt 0:00:12]} 3. Bg2 {[%emt 0:00:14]} g6 {[%emt 0:00:15]} 4. O-O {[%emt 0:02:18]} Bg7 {[%emt 0:01:02]} 5. c4 {[%emt 0:00:51]} e5 {[%emt 0:01:59]} 6. Nc3 {[%emt 0:00:49]} d6 {[%emt 0:00:21]} 7. d3 {[%emt 0:00:55]} Nge7 {[%emt 0:00:28]} 8. Ne1 {[%emt 0:01:53]} Be6 {[%emt 0:03:30]} 9. Nc2 {[%emt 0:02:37]} d5 {[%emt 0:00:53]} 10. cxd5 {[%emt 0:02:22]} Nxd5 {[%emt 0:00:08]} 11. Ne4 {[%emt 0:01:25] A37: Symmetrical English vs ...g6: 4 Bg2 Bg7 5 Nf3} (11. Nxd5 Bxd5 12. Bxd5 Qxd5 13. Ne3 Qd7 14. Bd2 O-O 15. Rc1 b6 16. Qa4 e4 17. dxe4 Qxd2 18. Qxc6 Qxe2 {0-1 (30) Vastrukhin,O (2409)-Rogozenco,D (2479) Moscow 2018}) 11... b6 {[%emt 0:18:05]} 12. Ng5 {[%emt 0:03:58]} Bc8 {[%emt 0:02:27]} 13. Ne3 {[%emt 0:04:58]} Nde7 {[%emt 0:05:41]} 14. Nc4 {[%emt 0:12:04]} h6 {[%emt 0:07:53]} 15. Ne4 {[%emt 0:04:39]} O-O {[%emt 0:01:40]} 16. a3 {[%emt 0:06:21]} Be6 {[%emt 0:13:33]} 17. Bd2 {[%emt 0:08:58]} f5 $146 {[%emt 0:02:30]} ({Predecessor:} 17... Nd5 18. Nc3 Qd7 19. Nxd5 Bxd5 20. Bxd5 Qxd5 {½-½ (31) Kretschel,K (2010)-Maugg,L (2002) Bad Koenigshofen 2010}) 18. Nc3 {[%emt 0:02:15]} Qd7 {[%emt 0:03:21]} 19. Rb1 {[%emt 0:11:21]} Rad8 {[%emt 0:01:50]} 20. Qa4 {[%emt 0:02:00]} Nd4 {[%emt 0:02:28]} 21. Qxd7 {[%emt 0:03:00]} Rxd7 {[%emt 0:00:10]} 22. Be3 {[%emt 0:09:47]} Nb3 {[%emt 0:02:24]} 23. Rbd1 {[%emt 0:05:47]} Rfd8 {[%emt 0:01:51]} 24. Nd2 {[%emt 0:01:09]} Nxd2 {[%emt 0:00:23]} 25. Rxd2 {[%emt 0:00:26]} e4 {[%emt 0:00:51]} 26. Re1 {[%emt 0:02:21]} c4 {[%emt 0:02:33]} 27. Bf1 {[%emt 0:01:39]} Kf7 {[%emt 0:03:05]} 28. Red1 {[%emt 0:03:10]} cxd3 {[%emt 0:00:28]} 29. exd3 {[%emt 0:00:16]} Bb3 {[%emt 0:00:38]} 30. Rc1 {[%emt 0:03:03]} exd3 {[%emt 0:05:05]} 31. Bg2 {[%emt 0:00:20]} Bc2 {[%emt 0:01:09]} 32. Re1 {[%emt 0:01:04]} g5 {[%emt 0:00:56]} 33. h3 {[%emt 0:01:18]} Ng6 {[%emt 0:01:17]} 34. f4 {[%emt 0:01:36]} gxf4 {[%emt 0:03:27]} 35. Bxf4 {[%emt 0:00:50]} Nxf4 {[%emt 0:00:27]} 36. gxf4 {[%emt 0:00:02]} Bd4+ {[%emt 0:00:47]} 37. Kh1 {[%emt 0:00:58]} Re7 {[%emt 0:04:36]} 38. Rxe7+ {[%emt 0:00:13]} Kxe7 {[%emt 0:00:03]} 39. Nd5+ {[%emt 0:00:56]} Rxd5 {[%emt 0:02:51]} 40. Bxd5 {[%emt 0:00:00]} Be3 {[%emt 0:00:23]} 41. Rg2 {[%emt 0:01:49]} d2 {[%emt 0:04:37]} 42. Bf3 {[%emt 0:01:18]} d1=Q+ {[%emt 0:05:48]} 43. Bxd1 {[%emt 0:00:15]} Bxd1 {[%emt 0:00:07]} 44. Rg7+ {[%emt 0:00:31]} Kf6 {[%emt 0:00:13]} 45. Rxa7 {[%emt 0:00:37]} Bf3+ {[%emt 0:00:11]} 46. Kh2 {[%emt 0:00:14]} Bxf4+ {[%emt 0:00:12]} 47. Kg1 {[%emt 0:00:07]} Be3+ {[%emt 0:00:26]} 48. Kh2 {[%emt 0:01:22]} f4 {[%emt 0:00:55]} 49. a4 $19 {[%emt 0:03:16]} Be2 {[%emt 0:06:54]} 50. Ra8 {[%emt 0:11:01]} Bc5 {[%emt 0:02:30]} 51. a5 {[%emt 0:02:42]} f3 {[%emt 0:03:33]} 52. Kg3 {[%emt 0:01:29]} f2 {[%emt 0:01:35]} 0-1

[Event "ESTCC U50 2018"]
[Site "Walbrzych"]
[Date "2018.04.19"]
[Round "6"]
[White "Puroila, Sippo"]
[Black "Robertson, Ian C"]
[Result "0-1"]
[WhiteElo "1838"]
[BlackElo "2038"]
[Annotator "NA"]
[PlyCount "68"]
[EventDate "2018.??.??"]
[EventCountry "POL"]
[SourceTitle "playchess.com"]
[Source "ChessBase"]
[SourceQuality "1"]
[WhiteTeam "Finland"]
[BlackTeam "Scotland"]
[WhiteTeamCountry "FIN"]
[BlackTeamCountry "SCO"]
[TimeControl "40/5400+30:1800+30"]

1. Nf3 {[%emt 0:00:00]} Nf6 {[%emt 0:00:09]} 2. g3 {[%emt 0:00:00]} g6 {[%emt 0:00:09]} 3. Bg2 {[%emt 0:00:00]} Bg7 {[%emt 0:00:04]} 4. O-O {[%emt 0:00:02]} O-O {[%emt 0:00:04] LiveBook: 5153 Games} 5. d4 {[%emt 0:00:11]} d5 {[%emt 0:00:49]} 6. c3 {[%emt 0:02:58]} b6 {[%emt 0:03:08]} 7. Nbd2 {[%emt 0:02:24]} Bb7 {[%emt 0:00:54]} 8. Qc2 {[%emt 0:01:03]} Nbd7 {[%emt 0:02:23]} 9. Rd1 {[%emt 0:00:36] D02: 1 d4 d5 2 Nf3 sidelines, including 2...Nf6 3 g3 and 2...Nf6 3 Bf4} (9. Re1 c5 10. dxc5 Nxc5 11. Nb3 Rc8 12. Nbd4 Re8 13. e3 e5 14. Ne2 Qd7 15. h3 Ba6 16. Rd1 Bd3 {0-1 (53) Abel,H (1956)-Ljubarskij,J (2283) Sooden Allendorf 2015}) 9... c5 {[%emt 0:06:40]} 10. Nh4 $146 {[%emt 0:12:29]} ({Predecessor:} 10. dxc5 Nxc5 11. Nb3 Nce4 12. Ng5 Qc7 13. Nxe4 Nxe4 14. Nd2 f5 15. Qb3 Kh8 16. Nxe4 fxe4 {½-½ (47) Hoogstijns,R (1745)-Kocur,M (1915) Lommel 1992}) 10... Qc7 {[%emt 0:11:13]} 11. Ndf3 {[%emt 0:05:39]} cxd4 {[%emt 0:05:50]} 12. Nxd4 {[%emt 0:01:24]} e5 {[%emt 0:08:22]} 13. Nb5 {[%emt 0:02:47]} Qc5 {[%emt 0:03:22]} 14. a4 {[%emt 0:02:12]} a6 {[%emt 0:02:15]} 15. Na3 {[%emt 0:01:52]} Ng4 {[%emt 0:10:42]} 16. e4 {[%emt 0:00:22]} d4 {[%emt 0:09:45]} 17. h3 {[%emt 0:03:48]} Ngf6 {[%emt 0:03:12]} 18. Bd2 {[%emt 0:01:29]} Rac8 {[%emt 0:09:25]} 19. Rac1 {[%emt 0:00:59]} Qe7 {[%emt 0:01:09]} 20. b4 {[%emt 0:12:05]} Rc7 {[%emt 0:06:51]} 21. Qb1 {[%emt 0:03:56]} Rfc8 {[%emt 0:01:20]} 22. cxd4 {[%emt 0:02:37]} Rxc1 $17 {[%emt 0:02:25]} 23. Bxc1 {[%emt 0:01:23]} exd4 {[%emt 0:00:54]} 24. f3 {[%emt 0:07:40]} Nh5 {[%emt 0:02:38]} 25. Kh2 {[%emt 0:05:00]} Be5 {[%emt 0:01:07]} 26. f4 {[%emt 0:01:27]} Bxf4 {[%emt 0:00:13]} 27. Bxf4 {[%emt 0:03:31]} Nxf4 {[%emt 0:00:10]} 28. Rxd4 {[%emt 0:00:29]} Nxg2 {[%emt 0:01:42]} 29. Nxg2 {[%emt 0:00:05]} Ne5 {[%emt 0:01:22]} 30. Qf1 {[%emt 0:01:43]} a5 {[%emt 0:03:08]} 31. Nb5 {[%emt 0:00:15]} axb4 {[%emt 0:00:51]} 32. Qd1 {[%emt 0:03:58]} Rc4 {[%emt 0:02:22]} 33. Nd6 {[%emt 0:01:54]} Rxd4 {[%emt 0:00:12]} 34. Qxd4 Nf3+ 0-1